000 00646nam a2200229Ia 4500
003 OSt
005 20220923230657.0
006 a|||||r|||| 00| 0
007 ta
008 Pun
024 _a304,690
037 _cTextual
040 _aARTS
_cARTS
_bPun
041 _2Pun
_aPun
082 _aV236:51M81w, 153L3
100 _aਦਿਉਲ, ਰੁਾਹਦੇਵ ਸਿੰਘ
245 0 _aਸ਼ਹੀਦ ਅਜੀਤ ਸਿੰਘ
260 _c1973
650 _aਪੰਜਾਬੀ ਸਾਹਿਤ
942 _hV236:51M81w, 153L3
_cTEXL
_2CC
999 _c386497
_d386497